Every 100,000+ City in Sudan in Order - Statistics

General Stats
  • This quiz has been taken 15 times
    7 since last reset
  • The average score is 17 of 52
Answer Stats
Letter Population City % Correct
K 7,083,458 Khartoum
100%
K-N 1,810,155 Khartoum North
100%
K 814,616 Kassala
75%
O 2,397,092 Omdurman
75%
A-F 662,265 Al Fashir
50%
E-D 506,201 El Daein
50%
E-O 710,928 El Obeid
50%
K 417,480 Kosti
50%
N 1,296,582 Nyala
50%
P-S 631,551 Port Sudan
50%
W-M 441,725 Wad Madani
50%
A-D 181,993 Ad-Dāmar
25%
A-D 348,272 Ad-Damazīn
25%
A-H 132,062 Al-Hasaheisa
25%
A-J 552,810 Al Junaynah
25%
A-K 111,407 Al Kuraynik
25%
A-M 165,892 Al Manaqil
25%
A-Q 412,820 Al Qadarif
25%
A 359,105 Atbara
25%
B 104,522 Berber
25%
B 117,809 Buram
25%
D 110,661 Dilling
25%
D 183,477 Dongola
25%
E-D 123,906 Ed Dueim
25%
E-F 101,420 El Fula
25%
E-H 101,667 El Hawata
25%
E-N 296,511 En Nahud
25%
E-R 105,035 Er Rahad
25%
F 203,090 Forbrenga
25%
G 119,545 Garsila
25%
G 138,947 Gereida
25%
J-A 205,712 Jebel Aulia
25%
K 118,030 Kabkabiya
25%
K 135,190 Kadugli
25%
K 173,230 Kas
25%
M 150,803 Mellit
25%
M 131,015 Muglad
25%
M 127,104 Murnei
25%
N-H 144,665 New Halfa
25%
R 373,057 Rabak
25%
S 171,085 Sennar
25%
S 216,255 Shendi
25%
S-T 104,058 Shingil Tobaya
25%
S 168,809 Sifeiya
25%
S 214,688 Singa
25%
S 115,010 Suakin
25%
T 120,615 Tebeldina
25%
T 100,255 Tullus
25%
U 103,520 Umdawwanban
25%
U-R 161,708 Umm Ruwaba
25%
W 158,594 Wadsharefy
25%
Z 337,039 Zalingei
25%
No matching quizzes found
Score Distribution
Percent of People with Each Score
Percentile by Number Answered
Your Score History
You have not taken this quiz since the last reset